000 00448cam a2200157 a 4500
020 _a0072424583 (acidfree paper)
020 _a0071151486 (ISE : acidfree paper)
050 0 0 _aQD251.3
_b.C37 2003
100 1 _aCarey, Francis A.,
_d1937-
245 1 0 _aOrganic chemistry /
_cFrancis A. Carey.
250 _a5th ed.
260 _aBoston :
_bMcGraw-Hill,
_cc2003.
300 _a1 v. (various pagings) :
500 _aIncludes index.
942 _2lcc
_cGEN
999 _c8624
_d8624